[Event "Kibizov Memorial 2018"]
[Site "?"]
[Date "2018.06.25"]
[Round "5.1"]
[White "Eidelson, Rakhil"]
[Black "Doluhanova, Evgeniya"]
[Result "0-1"]
[BlackElo "2257"]
[WhiteElo "2080"]
[LiveChessVersion "1.4.8"]

1. e4 {[%clk 1:30:54]} c5 {[%clk 1:29:47]} 2. Nc3 {[%clk 1:31:19]} Nc6
{[%clk 1:29:50]} 3. g3 {[%clk 1:31:43]} g6 {[%clk 1:30:13]} 4. Bg2
{[%clk 1:32:08]} Bg7 {[%clk 1:30:41]} 5. f4 {[%clk 1:32:09]} d6 {[%clk 1:30:58]}
6. d3 {[%clk 1:32:17]} Nf6 {[%clk 1:31:02]} 7. Nf3 {[%clk 1:32:30]} Nd4
{[%clk 1:29:14]} 8. Be3 {[%clk 1:24:48]} Bg4 {[%clk 1:23:52]} 9. h3
{[%clk 1:24:02]} Nxf3+ {[%clk 1:24:16]} 10. Bxf3 {[%clk 1:24:30]} Bxf3
{[%clk 1:24:41]} 11. Qxf3 {[%clk 1:24:56]} O-O {[%clk 1:22:32]} 12. O-O
{[%clk 1:24:46]} b5 {[%clk 1:21:28]} 13. Ne2 {[%clk 1:20:19]} Nd7
{[%clk 1:15:59]} 14. d4 {[%clk 1:11:18]} cxd4 {[%clk 1:05:25]} 15. Nxd4
{[%clk 1:11:23]} Rc8 {[%clk 0:57:23]} 16. c3 {[%clk 1:10:42]} a6 {[%clk 0:51:34]}
17. Bf2 {[%clk 1:06:05]} Qc7 {[%clk 0:49:15]} 18. Rac1 {[%clk 1:03:03]} Qb7
{[%clk 0:48:41]} 19. Rfe1 {[%clk 1:00:09]} e5 {[%clk 0:39:26]} 20. fxe5
{[%clk 0:48:36]} Nxe5 {[%clk 0:38:31]} 21. Qe2 {[%clk 0:48:59]} Rce8
{[%clk 0:36:56]} 22. Qc2 {[%clk 0:35:27]} Nd7 {[%clk 0:32:54]} 23. Re2
{[%clk 0:33:41]} Re7 {[%clk 0:32:41]} 24. Rce1 {[%clk 0:25:44]} Rfe8
{[%clk 0:32:53]} 25. Nf3 {[%clk 0:22:18]} Nf6 {[%clk 0:29:51]} 26. Nd2
{[%clk 0:21:12]} d5 {[%clk 0:28:31]} 27. e5 {[%clk 0:19:36]} Nd7 {[%clk 0:28:18]}
28. Nf3 {[%clk 0:20:00]} Nxe5 {[%clk 0:27:58]} 29. Nxe5 {[%clk 0:20:27]} Rxe5
{[%clk 0:26:52]} 30. Rxe5 {[%clk 0:20:52]} Rxe5 {[%clk 0:27:16]} 31. Rxe5
{[%clk 0:21:22]} Bxe5 {[%clk 0:27:24]} 32. Qe2 {[%clk 0:21:30]} Qc7
{[%clk 0:26:33]} 33. Kg2 {[%clk 0:21:43]} Qd6 {[%clk 0:26:45]} 34. Qd3
{[%clk 0:18:30]} Qc6 {[%clk 0:26:02]} 35. Bd4 {[%clk 0:17:10]} Bxd4
{[%clk 0:24:20]} 36. cxd4 {[%clk 0:17:06]} Qe6 {[%clk 0:21:53]} 37. Qc3
{[%clk 0:17:32]} Qe2+ {[%clk 0:20:53]} 38. Kg1 {[%clk 0:17:56]} Kg7
{[%clk 0:18:57]} 39. a3 {[%clk 0:17:58]} h5 {[%clk 0:17:55]} 40. h4
{[%clk 0:18:20]} a5 {[%clk 0:12:36]} 41. b3 {[%clk 0:18:02]} a4 {[%clk 0:12:55]}
42. bxa4 {[%clk 0:17:59]} bxa4 {[%clk 0:13:19]} 43. Qb4 {[%clk 0:17:21]} Qc4
{[%clk 0:12:06]} 44. Qd2 {[%clk 0:13:47]} Qb3 {[%clk 0:12:00]} 45. Qf4
{[%clk 0:14:00]} Qxa3 {[%clk 0:12:00]} 46. Qe5+ {[%clk 0:14:26]} Kh7
{[%clk 0:12:24]} 47. Kh2 {[%clk 0:13:39]} Qb2+ {[%clk 0:12:48]} 48. Kg1
{[%clk 0:13:16]} Qb1+ {[%clk 0:12:56]} 0-1

[Event "Kibizov Memorial 2018"]
[Site "?"]
[Date "2018.06.25"]
[Round "5.2"]
[White "Grigorieva, Yulia"]
[Black "Denikina, Natalia"]
[Result "0-1"]
[BlackElo "2161"]
[WhiteElo "2035"]
[LiveChessVersion "1.4.8"]

1. d4 {[%clk 1:30:59]} Nf6 {[%clk 1:30:55]} 2. c4 {[%clk 1:31:20]} g6
{[%clk 1:31:21]} 3. Nc3 {[%clk 1:31:42]} Bg7 {[%clk 1:31:45]} 4. e4
{[%clk 1:32:08]} d6 {[%clk 1:32:07]} 5. Nf3 {[%clk 1:32:33]} O-O {[%clk 1:32:28]}
6. Be2 {[%clk 1:32:47]} e5 {[%clk 1:32:44]} 7. O-O {[%clk 1:32:58]} Nc6
{[%clk 1:33:09]} 8. Be3 {[%clk 1:32:41]} Re8 {[%clk 1:29:37]} 9. dxe5
{[%clk 1:31:21]} Nxe5 {[%clk 1:29:23]} 10. Nxe5 {[%clk 1:25:12]} Rxe5
{[%clk 1:29:42]} 11. Bd4 {[%clk 1:15:29]} Re8 {[%clk 1:29:11]} 12. f3
{[%clk 1:14:42]} c6 {[%clk 1:27:51]} 13. Qd2 {[%clk 1:08:46]} Be6
{[%clk 1:10:42]} 14. Rfd1 {[%clk 1:02:56]} a6 {[%clk 1:06:04]} 15. a4
{[%clk 0:55:57]} c5 {[%clk 1:03:43]} 16. Bf2 {[%clk 0:48:58]} Bf8
{[%clk 0:54:31]} 17. Bg3 {[%clk 0:36:40]} Qb6 {[%clk 0:54:21]} 18. a5
{[%clk 0:28:31]} Qc6 {[%clk 0:54:40]} 19. Bxd6 {[%clk 0:25:28]} Red8
{[%clk 0:55:02]} 20. e5 {[%clk 0:22:52]} Ne8 {[%clk 0:54:30]} 21. Ne4
{[%clk 0:18:49]} Bf5 {[%clk 0:53:16]} 22. Bd3 {[%clk 0:14:13]} Nxd6
{[%clk 0:48:07]} 23. exd6 {[%clk 0:12:38]} Bxd6 {[%clk 0:42:48]} 24. Nf6+
{[%clk 0:06:54]} Kg7 {[%clk 0:43:11]} 25. Nd5 {[%clk 0:05:24]} Be5
{[%clk 0:35:25]} 26. Bxf5 {[%clk 0:04:08]} gxf5 {[%clk 0:35:50]} 27. Ra3
{[%clk 0:03:03]} Rd6 {[%clk 0:23:23]} 28. f4 {[%clk 0:01:54]} Bd4+
{[%clk 0:23:46]} 29. Kh1 {[%clk 0:02:11]} Re8 {[%clk 0:23:27]} 30. Rb3
{[%clk 0:01:01]} Qd7 {[%clk 0:23:09]} 31. Rf1 {[%clk 0:00:44]} Rde6
{[%clk 0:21:41]} 32. Rg3+ {[%clk 0:00:42]} Rg6 {[%clk 0:21:51]} 33. Rd3
{[%clk 0:00:36]} Re4 {[%clk 0:16:46]} 34. b4 {[%clk 0:00:43]} Qc6
{[%clk 0:14:14]} 35. Rb1 {[%clk 0:00:38]} Rge6 {[%clk 0:13:08]} 36. h3
{[%clk 0:00:42]} Re2 {[%clk 0:13:11]} 37. Rg3+ {[%clk 0:00:39]} Kh8
{[%clk 0:13:15]} 38. Qd3 {[%clk 0:00:38]} Qe8 {[%clk 0:09:43]} 39. h4
{[%clk 0:00:36]} Re1+ {[%clk 0:09:35]} 40. Rxe1 {[%clk 0:00:43]} Rxe1+
{[%clk 0:09:59]} 41. Kh2 {[%clk 0:01:12]} Rh1+ {[%clk 0:10:15]} 42. Kxh1
{[%clk 0:01:31]} Qe1+ {[%clk 0:10:43]} 43. Kh2 {[%clk 0:01:55]} Qg1+
{[%clk 0:11:11]} 0-1

[Event "Kibizov Memorial 2018"]
[Site "?"]
[Date "2018.06.25"]
[Round "5.3"]
[White "Filippova, Darya"]
[Black "Mukhina, Jana"]
[Result "1-0"]
[BlackElo "2050"]
[WhiteElo "1938"]
[LiveChessVersion "1.4.8"]

1. c4 {[%clk 1:30:57]} Nf6 {[%clk 1:30:57]} 2. Nc3 {[%clk 1:31:18]} g6
{[%clk 1:31:22]} 3. e4 {[%clk 1:31:23]} d6 {[%clk 1:31:44]} 4. d4
{[%clk 1:31:21]} Bg7 {[%clk 1:32:09]} 5. Nge2 {[%clk 1:30:47]} O-O
{[%clk 1:30:44]} 6. Ng3 {[%clk 1:31:01]} h5 {[%clk 1:31:01]} 7. Be2
{[%clk 1:24:50]} c5 {[%clk 1:22:45]} 8. d5 {[%clk 1:24:30]} h4 {[%clk 1:08:19]}
9. Nf1 {[%clk 1:24:52]} h3 {[%clk 1:04:42]} 10. gxh3 {[%clk 1:22:21]} Bxh3
{[%clk 1:03:57]} 11. Rg1 {[%clk 1:19:46]} a6 {[%clk 0:55:36]} 12. Qd3
{[%clk 1:15:10]} Qc8 {[%clk 0:47:30]} 13. Qg3 {[%clk 1:15:22]} b5
{[%clk 0:44:10]} 14. Qh4 {[%clk 1:11:36]} b4 {[%clk 0:31:26]} 15. Nd1
{[%clk 1:10:43]} Re8 {[%clk 0:30:01]} 16. Nd2 {[%clk 1:05:13]} e5
{[%clk 0:27:03]} 17. Ne3 {[%clk 1:03:52]} Kf8 {[%clk 0:25:34]} 18. Nf3
{[%clk 0:56:19]} Ke7 {[%clk 0:25:00]} 19. Ng5 {[%clk 0:56:27]} Rh8
{[%clk 0:24:56]} 20. Qg3 {[%clk 0:56:55]} Bh6 {[%clk 0:14:34]} 21. Nd1
{[%clk 0:50:55]} Qf8 {[%clk 0:02:06]} 22. Be3 {[%clk 0:35:00]} Bc8
{[%clk 0:01:53]} 23. Bxc5 {[%clk 0:33:50]} Nbd7 {[%clk 0:00:40]} 24. Bxb4
{[%clk 0:33:27]} Bxg5 {[%clk 0:00:43]} 25. Qxg5 {[%clk 0:33:08]} Qh6
{[%clk 0:00:41]} 26. Qxh6 {[%clk 0:25:59]} Rxh6 {[%clk 0:01:11]} 27. Bf3
{[%clk 0:24:26]} a5 {[%clk 0:00:53]} 28. Ba3 {[%clk 0:20:16]} Ba6
{[%clk 0:00:48]} 29. Rc1 {[%clk 0:19:25]} Rc8 {[%clk 0:00:38]} 30. b3
{[%clk 0:18:14]} Rxh2 {[%clk 0:00:46]} 31. Nc3 {[%clk 0:17:00]} Rh4
{[%clk 0:00:49]} 32. Kd2 {[%clk 0:14:30]} Rg8 {[%clk 0:00:34]} 33. Ke3
{[%clk 0:13:08]} g5 {[%clk 0:00:51]} 34. Rh1 {[%clk 0:12:27]} Rgh8
{[%clk 0:01:01]} 35. Ne2 {[%clk 0:11:23]} Ng4+ {[%clk 0:01:09]} 36. Kd2
{[%clk 0:09:13]} Nxf2 {[%clk 0:00:35]} 37. Rxh4 {[%clk 0:09:35]} gxh4
{[%clk 0:00:37]} 38. Ke3 {[%clk 0:08:40]} Nh3 {[%clk 0:01:00]} 39. Rh1
{[%clk 0:08:59]} Ng5 {[%clk 0:01:24]} 40. Ng3 {[%clk 0:09:09]} Nc5
{[%clk 0:00:33]} 41. Rxh4 {[%clk 0:08:46]} Rxh4 {[%clk 0:00:32]} 42. Nf5+
{[%clk 0:09:15]} Kd7 {[%clk 0:00:51]} 43. Nxh4 {[%clk 0:09:43]} Nxf3
{[%clk 0:01:02]} 44. Nxf3 {[%clk 0:07:31]} Nb7 {[%clk 0:01:17]} 45. Nh4
{[%clk 0:06:40]} a4 {[%clk 0:00:34]} 46. Nf3 {[%clk 0:05:39]} Na5
{[%clk 0:00:41]} 47. Nd2 {[%clk 0:06:07]} axb3 {[%clk 0:00:34]} 48. axb3
{[%clk 0:06:36]} Nxb3 {[%clk 0:00:34]} 49. Nxb3 {[%clk 0:06:55]} Bxc4
{[%clk 0:01:01]} 50. Na5 {[%clk 0:04:34]} Ba2 {[%clk 0:01:14]} 51. Nb7
{[%clk 0:04:51]} f5 {[%clk 0:01:12]} 52. Bxd6 {[%clk 0:04:05]} fxe4
{[%clk 0:01:17]} 53. Kxe4 {[%clk 0:04:28]} Bxd5+ {[%clk 0:01:28]} 54. Kxd5
{[%clk 0:04:52]} e4 {[%clk 0:01:49]} 55. Nc5+ {[%clk 0:05:17]} Ke8
{[%clk 0:01:27]} 56. Kxe4 {[%clk 0:05:33]} Kf7 {[%clk 0:01:49]} 57. Kf5
{[%clk 0:05:51]} Ke8 {[%clk 0:02:06]} 58. Ke6 {[%clk 0:06:04]} Kd8
{[%clk 0:02:35]} 59. Be5 {[%clk 0:04:34]} Kc8 {[%clk 0:02:53]} 60. Kd6
{[%clk 0:04:32]} Kd8 {[%clk 0:02:49]} 61. Nd3 {[%clk 0:04:26]} Kc8
{[%clk 0:02:57]} 62. Nb4 {[%clk 0:04:47]} Kb7 {[%clk 0:03:16]} 63. Nd5
{[%clk 0:05:10]} Ka6 {[%clk 0:03:32]} 64. Kc6 {[%clk 0:05:25]} Ka5
{[%clk 0:03:46]} 65. Kc5 {[%clk 0:05:14]} Ka6 {[%clk 0:04:08]} 66. Bc3
{[%clk 0:05:19]} Kb7 {[%clk 0:04:26]} 67. Kb5 {[%clk 0:05:43]} Kc8
{[%clk 0:04:23]} 68. Kc6 {[%clk 0:05:54]} Kd8 {[%clk 0:04:37]} 69. Be5
{[%clk 0:05:07]} Ke8 {[%clk 0:04:42]} 70. Kd6 {[%clk 0:05:30]} Kf7
{[%clk 0:05:06]} 71. Ne7 {[%clk 0:05:54]} Ke8 {[%clk 0:04:16]} 72. Ke6
{[%clk 0:06:18]} Kd8 {[%clk 0:04:43]} 73. Bf4 {[%clk 0:06:33]} Ke8
{[%clk 0:05:10]} 74. Bc7 {[%clk 0:06:58]} Kf8 {[%clk 0:05:37]} 75. Nf5
{[%clk 0:07:16]} Kg8 {[%clk 0:05:12]} 76. Bd6 {[%clk 0:07:36]} Kh7
{[%clk 0:05:36]} 77. Kf7 {[%clk 0:07:59]} Kh8 {[%clk 0:06:02]} 78. Bf4
{[%clk 0:08:23]} Kh7 {[%clk 0:06:28]} 79. Nd4 {[%clk 0:08:44]} Kh8
{[%clk 0:06:54]} 80. Ne6 {[%clk 0:09:08]} Kh7 {[%clk 0:07:21]} 81. Nf8+
{[%clk 0:09:33]} Kh8 {[%clk 0:07:48]} 82. Be5# {[%clk 0:09:59]} 1-0

[Event "Kibizov Memorial 2018"]
[Site "?"]
[Date "2018.06.25"]
[Round "5.5"]
[White "Simakova, Elena"]
[Black "Borsuk, Angela"]
[Result "1-0"]
[BlackElo "2147"]
[WhiteElo "1953"]
[LiveChessVersion "1.4.8"]

1. Nf3 {[%clk 1:30:57]} d6 {[%clk 1:30:57]} 2. d4 {[%clk 1:31:21]} Nf6
{[%clk 1:31:22]} 3. c4 {[%clk 1:31:46]} Bg4 {[%clk 1:31:49]} 4. e3
{[%clk 1:26:32]} Nbd7 {[%clk 1:31:47]} 5. Be2 {[%clk 1:24:24]} e5
{[%clk 1:31:58]} 6. Nc3 {[%clk 1:23:56]} c6 {[%clk 1:31:49]} 7. Qc2
{[%clk 1:20:10]} Be7 {[%clk 1:31:52]} 8. O-O {[%clk 1:18:09]} O-O
{[%clk 1:32:15]} 9. a3 {[%clk 1:12:42]} a6 {[%clk 1:31:52]} 10. b4
{[%clk 1:12:23]} b5 {[%clk 1:31:25]} 11. dxe5 {[%clk 1:07:02]} dxe5
{[%clk 1:31:23]} 12. Bb2 {[%clk 1:00:48]} Re8 {[%clk 1:28:23]} 13. Rfd1
{[%clk 0:57:43]} Bf8 {[%clk 1:19:25]} 14. Ne4 {[%clk 0:47:50]} Qb8
{[%clk 1:11:07]} 15. h3 {[%clk 0:25:41]} Bh5 {[%clk 1:09:19]} 16. Ng3
{[%clk 0:25:14]} Bg6 {[%clk 1:09:15]} 17. Qb3 {[%clk 0:19:59]} Nb6
{[%clk 1:05:28]} 18. cxb5 {[%clk 0:15:44]} cxb5 {[%clk 1:04:48]} 19. Rac1
{[%clk 0:15:49]} Ra7 {[%clk 1:03:23]} 20. Rc6 {[%clk 0:14:15]} Na4
{[%clk 1:01:51]} 21. Ba1 {[%clk 0:13:12]} h6 {[%clk 0:59:46]} 22. Rdc1
{[%clk 0:11:40]} Bh7 {[%clk 0:54:02]} 23. Qa2 {[%clk 0:08:24]} Ne4
{[%clk 0:52:26]} 24. Nf1 {[%clk 0:05:22]} Bd6 {[%clk 0:39:29]} 25. N1d2
{[%clk 0:04:09]} Nf6 {[%clk 0:34:18]} 26. Bd1 {[%clk 0:02:20]} Nb6
{[%clk 0:30:30]} 27. Bb3 {[%clk 0:02:10]} Bg6 {[%clk 0:28:38]} 28. Nh4
{[%clk 0:01:51]} Bd3 {[%clk 0:28:54]} 29. R6c3 {[%clk 0:00:49]} e4
{[%clk 0:28:36]} 30. Nf5 {[%clk 0:00:50]} Bh2+ {[%clk 0:28:39]} 31. Kh1
{[%clk 0:01:14]} Be5 {[%clk 0:27:39]} 32. Rc6 {[%clk 0:01:12]} Bxa1
{[%clk 0:23:40]} 33. Qxa1 {[%clk 0:01:37]} Nbd7 {[%clk 0:20:38]} 34. Nd6
{[%clk 0:01:47]} Rf8 {[%clk 0:19:09]} 35. Nxf7 {[%clk 0:01:24]} Kh7
{[%clk 0:19:31]} 36. Qd4 {[%clk 0:01:04]} a5 {[%clk 0:12:59]} 37. f4
{[%clk 0:00:46]} axb4 {[%clk 0:12:34]} 38. axb4 {[%clk 0:01:14]} Ra3
{[%clk 0:12:17]} 39. Be6 {[%clk 0:01:20]} Qe8 {[%clk 0:12:06]} 40. Ne5
{[%clk 0:00:51]} Nxe5 {[%clk 0:12:10]} 41. Qxe5 {[%clk 0:00:59]} Bc4
{[%clk 0:08:02]} 42. Bxc4 {[%clk 0:00:45]} bxc4 {[%clk 0:08:17]} 43. Qf5+
{[%clk 0:00:44]} g6 {[%clk 0:08:22]} 44. Rc7+ {[%clk 0:01:06]} Rf7
{[%clk 0:08:43]} 45. Qc5 {[%clk 0:01:06]} Nd7 {[%clk 0:06:13]} 46. Qd4
{[%clk 0:00:49]} Rd3 {[%clk 0:06:05]} 47. Qb2 {[%clk 0:00:42]} Rxe3
{[%clk 0:06:04]} 48. Nxc4 {[%clk 0:00:47]} Rd3 {[%clk 0:05:52]} 49. Ne5
{[%clk 0:00:34]} Nxe5 {[%clk 0:06:13]} 50. Qxe5 {[%clk 0:00:43]} Qf8
{[%clk 0:06:00]} 51. Qxe4 {[%clk 0:00:44]} Rdd7 {[%clk 0:05:52]} 52. Rxd7
{[%clk 0:00:42]} Rxd7 {[%clk 0:06:19]} 53. b5 {[%clk 0:00:44]} h5
{[%clk 0:05:45]} 54. b6 {[%clk 0:00:41]} Qa3 {[%clk 0:05:42]} 55. Rc6
{[%clk 0:00:40]} Qa1+ {[%clk 0:05:28]} 56. Kh2 {[%clk 0:01:03]} Qg7
{[%clk 0:05:54]} 57. f5 {[%clk 0:01:03]} g5 {[%clk 0:05:29]} 58. f6+
{[%clk 0:01:19]} Qg6 {[%clk 0:05:56]} 59. Qxg6+ {[%clk 0:01:13]} Kxg6
{[%clk 0:06:25]} 60. Rc7 {[%clk 0:01:36]} Rd6 {[%clk 0:06:35]} 61. b7
{[%clk 0:01:53]} Rb6 {[%clk 0:06:55]} 62. f7 {[%clk 0:02:10]} Kg7
{[%clk 0:07:21]} 63. Rc8 {[%clk 0:02:32]} 1-0

[Event "Kibizov Memorial 2018"]
[Site "?"]
[Date "2018.06.25"]
[Round "5.6"]
[White "Remizov, Yaroslav"]
[Black "Smorchkov, Danil"]
[Result "1/2-1/2"]
[BlackElo "2216"]
[WhiteElo "2308"]
[LiveChessVersion "1.4.8"]

1. e4 {[%clk 1:30:58]} c5 {[%clk 1:29:58]} 2. Nf3 {[%clk 1:31:22]} Nc6
{[%clk 1:29:28]} 3. d4 {[%clk 1:31:49]} cxd4 {[%clk 1:29:49]} 4. Nxd4
{[%clk 1:32:17]} g6 {[%clk 1:28:58]} 5. c4 {[%clk 1:31:22]} Nf6 {[%clk 1:28:39]}
6. Nc3 {[%clk 1:31:40]} d6 {[%clk 1:28:09]} 7. Nc2 {[%clk 1:32:01]} Bg7
{[%clk 1:25:43]} 8. Be2 {[%clk 1:31:43]} Be6 {[%clk 1:25:32]} 9. O-O
{[%clk 1:31:14]} O-O {[%clk 1:25:30]} 10. Bd2 {[%clk 1:21:10]} Rc8
{[%clk 1:19:25]} 11. Rc1 {[%clk 1:20:55]} Nd7 {[%clk 1:12:58]} 12. b3
{[%clk 1:19:17]} Nc5 {[%clk 1:06:23]} 13. f3 {[%clk 1:11:50]} a5 {[%clk 1:03:45]}
14. Kh1 {[%clk 1:11:17]} f5 {[%clk 0:56:05]} 15. exf5 {[%clk 1:07:06]} Bxf5
{[%clk 0:54:32]} 16. Ne3 {[%clk 1:06:52]} Bd3 {[%clk 0:49:19]} 17. Ned5
{[%clk 1:04:07]} e6 {[%clk 0:44:26]} 18. Nf4 {[%clk 1:03:01]} Bxe2
{[%clk 0:41:11]} 19. Ncxe2 {[%clk 0:56:01]} e5 {[%clk 0:37:01]} 20. Nd5
{[%clk 0:54:28]} Nd3 {[%clk 0:37:17]} 21. Bxa5 {[%clk 0:50:33]} Qxa5
{[%clk 0:35:52]} 22. Qxd3 {[%clk 0:50:48]} Qxa2 {[%clk 0:34:45]} 23. Ra1
{[%clk 0:42:43]} e4 {[%clk 0:29:17]} 24. Rxa2 {[%clk 0:30:17]} exd3
{[%clk 0:28:50]} 25. Nc1 {[%clk 0:29:19]} Ra8 {[%clk 0:25:25]} 26. Rxa8
{[%clk 0:29:41]} Rxa8 {[%clk 0:25:50]} 27. Nxd3 {[%clk 0:30:07]} Ra3
{[%clk 0:26:04]} 28. Rb1 {[%clk 0:23:55]} Na5 {[%clk 0:20:10]} 29. c5
{[%clk 0:23:32]} dxc5 {[%clk 0:19:48]} 30. Nxc5 {[%clk 0:23:53]} Bd4
{[%clk 0:13:22]} 31. b4 {[%clk 0:21:18]} Bxc5 {[%clk 0:13:31]} 32. bxc5
{[%clk 0:21:37]} Nb3 {[%clk 0:13:56]} 33. Nf6+ {[%clk 0:10:18]} Kg7
{[%clk 0:13:31]} 34. Ne4 {[%clk 0:10:19]} Ra5 {[%clk 0:13:49]} 35. h4
{[%clk 0:09:29]} Nxc5 {[%clk 0:14:07]} 36. Nxc5 {[%clk 0:09:58]} Rxc5
{[%clk 0:14:29]} 37. Rxb7+ {[%clk 0:10:27]} Kg8 {[%clk 0:14:37]} 38. Kh2
{[%clk 0:10:12]} h5 {[%clk 0:15:00]} 39. Kg3 {[%clk 0:09:51]} Rc4
{[%clk 0:15:18]} 40. Re7 {[%clk 0:09:27]} Kf8 {[%clk 0:15:36]} 41. Re4
{[%clk 0:06:42]} Rc2 {[%clk 0:16:00]} 42. Re6 {[%clk 0:06:15]} Kf7
{[%clk 0:16:24]} 43. Ra6 {[%clk 0:06:41]} Rb2 {[%clk 0:16:25]} 44. Ra5
{[%clk 0:04:54]} Kf6 {[%clk 0:16:41]} 45. Rg5 {[%clk 0:05:21]} Rb4
{[%clk 0:16:56]} 46. Ra5 {[%clk 0:05:12]} Rb2 {[%clk 0:17:18]} 47. Kh3
{[%clk 0:05:38]} Rc2 {[%clk 0:16:44]} 48. Ra3 {[%clk 0:05:16]} Rb2
{[%clk 0:17:03]} 49. g4 {[%clk 0:05:30]} hxg4+ {[%clk 0:17:28]} 50. fxg4
{[%clk 0:05:57]} Rb4 {[%clk 0:17:53]} 51. g5+ {[%clk 0:05:43]} Kg7
{[%clk 0:18:05]} 52. Kg3 {[%clk 0:05:56]} Rc4 {[%clk 0:18:23]} 53. Ra7+
{[%clk 0:05:41]} Kg8 {[%clk 0:18:43]} 54. Re7 {[%clk 0:05:54]} Ra4
{[%clk 0:18:58]} 55. Re6 {[%clk 0:06:12]} Kf7 {[%clk 0:19:20]} 56. Rf6+
{[%clk 0:06:36]} Kg7 {[%clk 0:19:43]} 57. Rf4 {[%clk 0:07:00]} Ra3+
{[%clk 0:19:22]} 58. Kg4 {[%clk 0:07:26]} Ra1 {[%clk 0:19:07]} 59. Re4
{[%clk 0:06:20]} Rh1 {[%clk 0:18:59]} 60. Re7+ {[%clk 0:06:08]} Kf8
{[%clk 0:19:21]} 61. Ra7 {[%clk 0:06:05]} Rb1 {[%clk 0:18:56]} 62. Kf4
{[%clk 0:06:07]} Rb5 {[%clk 0:18:28]} 63. Ke4 {[%clk 0:05:56]} Kg8
{[%clk 0:18:52]} 64. Rd7 {[%clk 0:06:01]} Rb4+ {[%clk 0:19:05]} 65. Rd4
{[%clk 0:02:08]} Rb5 {[%clk 0:19:19]} 66. Ra4 {[%clk 0:02:26]} Rc5
{[%clk 0:19:40]} 67. Ra8+ {[%clk 0:02:00]} Kg7 {[%clk 0:20:04]} 68. Ra7+
{[%clk 0:02:14]} Kg8 {[%clk 0:20:28]} 69. Re7 {[%clk 0:02:20]} Rc4+
{[%clk 0:20:27]} 70. Ke5 {[%clk 0:02:42]} Rxh4 {[%clk 0:20:50]} 71. Kf6
{[%clk 0:03:05]} Ra4 {[%clk 0:21:13]} 72. Rg7+ {[%clk 0:02:25]} Kh8
{[%clk 0:21:27]} 73. Re7 {[%clk 0:02:48]} Kg8 {[%clk 0:21:44]} 74. Re6
{[%clk 0:02:20]} Kh7 {[%clk 0:22:08]} 75. Re7+ {[%clk 0:02:38]} 1/2-1/2

[Event "Kibizov Memorial 2018"]
[Site "?"]
[Date "2018.06.25"]
[Round "5.7"]
[White "Berzinsh, Roland"]
[Black "Nugumanov, Bakhtiyar"]
[Result "1-0"]
[BlackElo "2413"]
[WhiteElo "2410"]
[LiveChessVersion "1.4.8"]

1. e4 {[%clk 1:30:54]} c6 {[%clk 1:30:43]} 2. d4 {[%clk 1:31:14]} d5
{[%clk 1:31:05]} 3. Nc3 {[%clk 1:31:14]} dxe4 {[%clk 1:31:14]} 4. Nxe4
{[%clk 1:31:38]} Bf5 {[%clk 1:29:13]} 5. Ng3 {[%clk 1:31:53]} Bg6
{[%clk 1:29:35]} 6. Nh3 {[%clk 1:31:57]} Nf6 {[%clk 1:26:27]} 7. c3
{[%clk 1:32:02]} e6 {[%clk 1:24:04]} 8. Nf4 {[%clk 1:31:50]} Bd6 {[%clk 1:21:36]}
9. h4 {[%clk 1:31:48]} Qc7 {[%clk 1:18:53]} 10. Qf3 {[%clk 1:31:55]} Nbd7
{[%clk 1:11:52]} 11. h5 {[%clk 1:31:57]} Bc2 {[%clk 1:10:33]} 12. h6
{[%clk 1:32:00]} g6 {[%clk 1:06:07]} 13. Bd3 {[%clk 1:32:08]} Bxd3
{[%clk 1:03:52]} 14. Nxd3 {[%clk 1:32:28]} O-O {[%clk 1:01:54]} 15. Bg5
{[%clk 1:29:53]} Nd5 {[%clk 0:59:25]} 16. Ne4 {[%clk 1:20:03]} f6
{[%clk 0:54:53]} 17. Bd2 {[%clk 1:18:36]} b5 {[%clk 0:52:33]} 18. O-O
{[%clk 1:17:40]} e5 {[%clk 0:46:18]} 19. a4 {[%clk 1:09:41]} N5b6
{[%clk 0:39:51]} 20. axb5 {[%clk 0:55:55]} cxb5 {[%clk 0:40:09]} 21. dxe5
{[%clk 0:43:48]} Nxe5 {[%clk 0:34:41]} 22. Nxe5 {[%clk 0:40:45]} Bxe5
{[%clk 0:34:56]} 23. Be3 {[%clk 0:40:15]} Qc6 {[%clk 0:28:01]} 24. Ra6
{[%clk 0:39:01]} f5 {[%clk 0:24:05]} 25. Ng5 {[%clk 0:38:11]} Qxf3
{[%clk 0:23:32]} 26. Nxf3 {[%clk 0:38:30]} Bf6 {[%clk 0:22:16]} 27. Rfa1
{[%clk 0:32:26]} Na4 {[%clk 0:17:03]} 28. Bd4 {[%clk 0:27:59]} Bxd4
{[%clk 0:17:05]} 29. Nxd4 {[%clk 0:28:17]} Nxb2 {[%clk 0:14:13]} 30. Rxa7
{[%clk 0:25:50]} Rxa7 {[%clk 0:14:28]} 31. Rxa7 {[%clk 0:26:13]} Rf7
{[%clk 0:14:48]} 32. Ra2 {[%clk 0:24:32]} Nc4 {[%clk 0:12:20]} 33. Ne6
{[%clk 0:24:18]} Rd7 {[%clk 0:08:38]} 34. Ra8+ {[%clk 0:19:12]} Kf7
{[%clk 0:09:04]} 35. Ng5+ {[%clk 0:19:37]} Ke7 {[%clk 0:05:59]} 36. Rh8
{[%clk 0:13:21]} Ne5 {[%clk 0:05:55]} 37. f4 {[%clk 0:12:14]} Rd1+
{[%clk 0:04:59]} 38. Kf2 {[%clk 0:12:30]} Ng4+ {[%clk 0:05:05]} 39. Ke2
{[%clk 0:12:53]} Rh1 {[%clk 0:04:55]} 40. Rxh7+ {[%clk 0:13:02]} Kd6
{[%clk 0:04:29]} 41. Rh8 {[%clk 0:12:43]} Nxh6 {[%clk 0:01:12]} 42. Rxh6
{[%clk 0:12:52]} Rg1 {[%clk 0:01:41]} 43. Rxg6+ {[%clk 0:12:50]} Kd5
{[%clk 0:02:10]} 44. Nf3 {[%clk 0:11:57]} Rc1 {[%clk 0:02:29]} 45. Kd3
{[%clk 0:11:39]} Rd1+ {[%clk 0:02:43]} 46. Nd2 {[%clk 0:11:54]} Rg1
{[%clk 0:02:59]} 47. Rg5 {[%clk 0:11:59]} 1-0

[Event "Kibizov Memorial 2018"]
[Site "?"]
[Date "2018.06.25"]
[Round "5.9"]
[White "Yumakhuzhin, Vadim"]
[Black "Sitnikov, Anton"]
[Result "0-1"]
[BlackElo "2436"]
[WhiteElo "2221"]
[LiveChessVersion "1.4.8"]

1. d4 {[%clk 1:30:55]} d6 {[%clk 1:30:37]} 2. Bf4 {[%clk 1:31:18]} g6
{[%clk 1:30:05]} 3. Nf3 {[%clk 1:31:35]} Bg7 {[%clk 1:30:28]} 4. e3
{[%clk 1:32:00]} Nd7 {[%clk 1:30:16]} 5. h3 {[%clk 1:31:43]} e5 {[%clk 1:30:35]}
6. Bh2 {[%clk 1:31:57]} Nh6 {[%clk 1:30:27]} 7. Be2 {[%clk 1:26:57]} O-O
{[%clk 1:30:36]} 8. O-O {[%clk 1:21:27]} f5 {[%clk 1:30:39]} 9. c4
{[%clk 1:02:39]} Nf7 {[%clk 1:23:25]} 10. Nc3 {[%clk 1:00:48]} c6
{[%clk 1:22:36]} 11. b4 {[%clk 0:40:44]} g5 {[%clk 1:11:21]} 12. b5
{[%clk 0:34:03]} h5 {[%clk 0:55:13]} 13. dxe5 {[%clk 0:20:48]} dxe5
{[%clk 0:54:49]} 14. Qc2 {[%clk 0:20:41]} g4 {[%clk 0:34:20]} 15. hxg4
{[%clk 0:20:07]} hxg4 {[%clk 0:34:43]} 16. Nd2 {[%clk 0:19:08]} Qg5
{[%clk 0:32:53]} 17. Rfd1 {[%clk 0:15:15]} Nc5 {[%clk 0:26:39]} 18. Nb3
{[%clk 0:12:12]} Nxb3 {[%clk 0:15:56]} 19. axb3 {[%clk 0:10:17]} Qh6
{[%clk 0:08:14]} 20. bxc6 {[%clk 0:08:14]} bxc6 {[%clk 0:08:40]} 21. c5
{[%clk 0:08:04]} Bf6 {[%clk 0:09:04]} 22. Nb1 {[%clk 0:04:12]} Kg7
{[%clk 0:08:32]} 23. Nd2 {[%clk 0:04:36]} Rh8 {[%clk 0:06:10]} 24. Nf1
{[%clk 0:05:00]} e4 {[%clk 0:06:01]} 25. f4 {[%clk 0:03:13]} gxf3
{[%clk 0:01:26]} 26. gxf3 {[%clk 0:03:02]} Ng5 {[%clk 0:01:00]} 27. Ra2
{[%clk 0:01:14]} exf3 {[%clk 0:00:33]} 28. Ba6 {[%clk 0:00:51]} Be6
{[%clk 0:00:33]} 29. Bc4 {[%clk 0:00:54]} Qg6 {[%clk 0:00:33]} 30. Kf2
{[%clk 0:00:36]} Ne4+ {[%clk 0:00:43]} 31. Qxe4 {[%clk 0:00:35]} fxe4
{[%clk 0:00:59]} 32. Bxe6 {[%clk 0:00:31]} Qg2+ {[%clk 0:01:24]} 33. Ke1
{[%clk 0:00:58]} Bc3+ {[%clk 0:01:46]} 0-1